Statystyki dla Kraje Nieuznawane na Arenie Międzynarodowej (lub uznawane jedynie przez kilka państw)

Kliknij tutaj aby rozwiązać quiz!

Ogólne statystyki

  • Ten quiz został rozwiązany 1 407 razy
    (1 271 od ostatniego zresetowania)
  • Średni wynik to 7 z 23

Statystyki odpowiedzi

Obecnie w GranicachNazwa Państwa% Poprawnych
Izrael (autonomia)Palestyna
82%
MołdawiaNaddniestrze
63%
Maroko (pod administracją)Sahara Zachodnia
57%
ChinyTybet
57%
GruzjaAbchazja
54%
Irak/TurcjaKurdystan
50%
SomaliaSomaliland
50%
GruzjaOsetia Południowa
48%
RosjaCzeczenia
44%
Turcja (okupacja)Cypr Północny
40%
AzerbejdżanGórski Karabach
33%
Chiny / Indie / PakistanKaszmir
21%
Bośnia i HercegowinaRepublika Serbska
17%
ChinyRepublika Chińska
16%
UkrainaFederacyjna Republika Noworosji
11%
MołdawiaGagauzja
6%
RosjaTatarstan
6%
AzerbejdżanNachiczewan
3%
NigeriaBiafra
2%
SomaliaJubaland
2%
ChorwacjaRepublika Serbskiej Krajiny
2%
Bośnia i HercegowinaZachodnia Bośnia
2%
PakistanWaziristan
1%

Rozkład punktacji

Percentyl według liczby udzielonych odpowiedzi

Procent ludzi z każdym wynikiem

Twoja historia wyników

Nie rozwiązałeś tego quizu od ostatniego zresetowania